000 01238cam a2200313 i 4500
001 4924290
003 EG-ScBUE
005 20250806084754.0
008 950328t1995 nyua f b 001 0 eng d
020 _a047110938X (cloth : acidfree paper)
020 _a9780471109389
040 _aEG-ScBUE
_beng
_erda
_cEG-ScBUE
_dEG-ScBUE
082 0 4 _a546.681
_222
_bALD
100 1 _aAldersey-Williams, Hugh,
_96095
_eauthor.
245 1 4 _aThe most beautiful molecule :
_bthe discovery of the buckyball /
_cHugh Aldersey-Williams.
264 1 _aNew York :
_bJohn Wiley & Sons, INC.,
_c[1995]
264 4 _cc1995
300 _aix, 340 pages :
_billustrations ;
_c25 cm
336 _2rdacontent
_atext
_btxt
337 _aunmediated
_2rdamedia
_bn
338 _avolume
_bnc
_2rdacarrier
504 _aIncludes bibliographical references and index.
650 7 _aBuckminsterfullerene.
_96096
_2BUEsh
655 _vReading book
856 4 _3Table of Contents
_uhttp://www.loc.gov/catdir/toc/onix01/95012422.html
856 4 2 _3Contributor biographical information
_uhttp://www.loc.gov/catdir/enhancements/fy0706/95012422-b.html
856 4 2 _3Publisher description
_uhttp://www.loc.gov/catdir/enhancements/fy0706/95012422-d.html
942 _2ddc
_cBB
999 _c11811
_d11811